000 00867nam a2200217Ii 4500
003 JO-AjNU
008 230605s9999||||xx |||||||||||||| ||und||
017 _a1993/6/6720
040 _aJO-AjNU
_bara
_erda
_cJO-AjNU
041 _aara
050 1 4 _aKMM97.A44.U82.1993
100 3 _aالعطير، عبدالقادر حسين ,
_eauthor
_947010
245 0 0 _aالوسيط في شرح القانون التجاري الأردني : الأعمال التجارية - التجار - المحل التجاري - العقود التجارية
250 _aط1
264 3 1 _aعمان : دار الشروق ، 1993
300 _a630ص
_bيشتمل على مراجع ص ( 606 - 617 )
336 _atext
_btxt
_2rdacontent
337 _aunmediated
_bn
_2rdamedia
338 _avolume
_bnc
_2rdacarrier
650 4 _aالقانون التجاري -- الاردن
_947011
999 _aA20492
_c24060
_d24060